[Event "Paracin Amateur op"]
[Site "Paracin"]
[Date "2020.02.05"]
[Round "8"]
[White "Todorovic, Filip"]
[Black "Dimkovski, Stojancho"]
[Result "0-1"]
[WhiteElo "1608"]
[BlackElo "1929"]
[PlyCount "64"]
[EventDate "2020.01.31"]
[EventType "swiss"]
[EventRounds "9"]
[EventCountry "SRB"]
[SourceTitle "CBM 194 Extra"]
[Source "ChessBase"]
[SourceDate "2020.03.31"]
[SourceVersion "1"]
[SourceVersionDate "2020.03.31"]
[SourceQuality "1"]

1. e4 c5 2. Nf3 g6 3. c3 Bg7 4. d4 cxd4 5. cxd4 d5 6. exd5 Nf6 7. Nc3 Nxd5 8. Bc4 Nb6 9. Bb3 Nc6 10. Be3 0-0 11. 0-0 Bg4 12. h3 Bf5 13. Ne2 Na5 14. Ng3 Nxb3 15. Nxf5 Nxa1 16. Nxg7 Kxg7 17. Qxa1 Nd5 18. Bg5 h6 19. Bd2 Rc8 20. Qb1 Nf6 21. Re1 Re8 22. Qd3 Qd5 23. b3 Qf5 24. Qe3 g5 25. Ne5 Nd5 26. Qg3 Rc2 27. Nf3 Nf4 28. Kh1 Nh5 29. Qh2 f6 30. Re3 Rxd2 31. g4 Rd1+ 32. Ne1 Qd5+ 0-1